Meilleurs buteurs de l'histoire du Bayern Munich - Statistiques

Statistiques générales
  • Ce quiz a été pris 47 fois
  • Le résultat moyen est 4 sur 10
Statistiques - réponses
Nombre de buts Buteur % Correct
570 (Allemand) Gerd Müller
98%
247 (Allemand) Thomas Müller
98%
344 (Polonais) Robert Lewandowski
93%
144 (Néerlandais) Arjen Robben
71%
217 (Allemand) Karl-Heinz Rummenigge
27%
139 (Brésilien) Giovane Elber
20%
145 (Allemand) Dieter Hoeneb
2%
156 (Allemand) Roland Wohlfarth
2%
141 (Allemand) Dieter Brenninger
0%
229 (Allemand) Rainer Ohlhauser
0%
Aucun quiz correspondant
Distribution des résultats
% des personnes avec chaque résultat
Percentile par nombre de réponses
Votre historique - résultats
Vous n’avez pas pris ce quiz